banner-ar

المقترح فى المصطلح فى صيد الطير على انه من ممارسة الفتوة فى التاريخ الاسلامى / (Record no. 4030)

MARC details
000 -الفاتح
حقل البيانات ثابتة الطول 00971nam a2200217Ia 4500
008 - عناصر البيانات ثابتة الطول - معلومات عامة
حقل البيانات ثابتة الطول 140319s9999 xx 000 0 ara d
040 ## - مصدر الفهرسة
وكالة الفهرسة الأصلية GCL /
وكالة النسخ GCL
082 04 - رقم تصنيف ديوى العشرى
رقم التصنيف 799.24
رقم المادة أ م
100 1# - المدخل الرئيسى - إسم شخصى
الإسم الشخصى ابراهيم السامرائى
245 10 - بيان العنوان
العنوان المقترح فى المصطلح فى صيد الطير على انه من ممارسة الفتوة فى التاريخ الاسلامى /
بيان المسئوليه,etc ابراهيم السامرائى
700 1# - المدخل الاضافى - اسم شخصى
الإسم الشخصى البقال : عز الدين ابو عبدالله محمد بن اسماعيل بن عبيدالله بن ودعة
260 ## - PUBLICATION, DISTRIBUTION, ETC. (IMPRINT)
تاريخ النشر أو التوزيع 1997
300 ## - الوصف المادى
التعداد 94 ص
490 ## - بيان السلسلة
عنوان السلسلة مطبوعات مركز جمعه الماجد للثقافة والتراث بدبى
رقم المجلد/ التعيين التسلسلي 0
650 04 - المدخل الاضافى بالموضوع-مصطلح موضوعى
مصطلح موضوعي الصيد - تاريخ
650 04 - المدخل الاضافى بالموضوع-مصطلح موضوعى
مصطلح موضوعي الرماية
650 04 - المدخل الاضافى بالموضوع-مصطلح موضوعى
مصطلح موضوعي الصيد - الامارات
650 04 - المدخل الاضافى بالموضوع-مصطلح موضوعى
مصطلح موضوعي الطيور - صيد
942 ## - عناصر المدخل الإضافي( كوها)
مصدر التصنيف او مخطط الترفيف Dewey Decimal Classification
Koha [default] item type كتاب
260 ## - PUBLICATION, DISTRIBUTION, ETC. (IMPRINT)
-- الامارات :
-- مركز جمعه الماجد للثقافة والتراث ،
Holdings
حالة التراجع حالة الفقد حالة تلف ليس للاعارة المكان المؤقت الموقع الحالى تاريخ الاكتساب اجمالي اﻻعارات رقم الطلب الباركود تاريخ اخر مشاهدة تاريخ تفعيل السعر نوع وعاء كوها
        مكتبة القاهرة الكبرى مكتبة القاهرة الكبرى 03/26/2014   799.24\ أ م 8619 03/26/2014 03/26/2014 كتاب
        مكتبة القاهرة الكبرى مكتبة القاهرة الكبرى 03/26/2014   799.24\ أ م 8620 03/26/2014 03/26/2014 كتاب
        مكتبة القاهرة الكبرى مكتبة القاهرة الكبرى 03/26/2014   799.24\ أ م 8621 03/26/2014 03/26/2014 كتاب

Powered By

EGPV